Ends in "-ong" - Statistics

General Stats
  • This quiz has been taken 79 times
  • The average score is 16 of 22
Answer Stats
Hint Answer % Correct
Not weak Strong
98%
Not short Long
97%
Former British colony, now part of China Hong Kong
94%
"That's not right!" Wrong
94%
A ballad, a ditty or a carol, also the name of a Chinese dynasty Song
92%
1933 film about a giant ape amok in Manhattan, or US pro wrestler Bundy King Kong
91%
A common undergarment or bathing suit. Much briefer than briefs. Thong
89%
North Vietnamese guerilla fighters, 1960-1975, the Viet ____, also a lovely village in Ireland Cong
83%
A water pipe, popular with the cannabis crowd, or the sound some clocks make on the hour Bong
82%
To be part of a group, or to be the property of someone Belong
77%
The currency of Vietnam, a Nigerian dialect, a Chinese ethnic minority, among other things Dong
77%
The business end of a serving fork Prong
74%
An ancient video game (1972), played with rectangular "paddles" and a square "ball" Pong
69%
A large group or crowd Throng
69%
Cheech Marin's comedy partner, man Tommy Chong
69%
A percussion instrument Gong
66%
To extend, or to "drag things out" Prolong
65%
Right in the middle of things Among
58%
A slightly less ancient video game (1981), featuring Mario the Plumber and a giant ape (but no burros...) Donkey Kong
58%
A Chinese secret society, or one half of a serving utensil Tong
57%
Southeast Asian ethnic group. Many fought alongside the US in Vietnam Hmong
45%
American erotic novelist Erica of "Fear of Flying" fame Jong
40%
No matching quizzes found
Score Distribution
Percent of People with Each Score
Percentile by Number Answered
Your Score History
You have not taken this quiz